003930000a220012100045001000019000002450052000193000036000716500021001077730028001289420008001569520090001649990017002541 aBrand, María10aThe Holy Spirit...What´s He got to do with me? a(Octubre 2005), Páginas 11-1214aESPÍRITU SANTO0 tThe Presbyterian Banner cANA 001040708HEMaFUSBCbFUSBCd2016-01-26l0o r2016-01-26 00:00:00w2016-01-26yANA c62767d62767